[Event "Amsterdam Science Park op-A"]
[Site "Amsterdam"]
[Date "2023.07.15"]
[Round "1"]
[White "Wiedenbruch, Paul"]
[Black "De Winter, Arthur"]
[Result "1/2-1/2"]
[WhiteElo "2020"]
[BlackElo "2378"]
[PlyCount "81"]
[EventDate "2023.07.15"]
[EventType "swiss"]
[EventRounds "9"]
[EventCountry "NED"]
[SourceTitle "CBM 215 Extra"]
[Source "ChessBase"]
[SourceDate "2023.09.30"]
[SourceVersion "1"]
[SourceVersionDate "2023.09.30"]
[SourceQuality "1"]

1. e4 c5 2. Nf3 Nc6 3. d4 cxd4 4. Nxd4 e5 5. Nb5 d6 6. c4 Be6 7. Be2 a6 8. N5c3 g6 9. 0-0 Bg7 10. Nd5 Nf6 11. Nbc3 Bxd5 12. cxd5 Nd4 13. Be3 Nd7 14. Bg4 Rc8 15. Qd2 0-0 16. Bxd7 Qxd7 17. Rac1 Rc7 18. Ne2 Rxc1 19. Rxc1 Rc8 20. Rc3 Nxe2+ 21. Qxe2 Rxc3 22. bxc3 Qa4 23. c4 Qb4 24. f3 f5 25. Bg5 Kf7 26. g3 Qb1+ 27. Kg2 h6 28. Bd8 Ke8 29. Ba5 Bf6 30. Be1 Kf7 31. Bf2 Be7 32. Bg1 a5 33. exf5 gxf5 34. f4 exf4 35. Qe6+ Ke8 36. Qc8+ Bd8 37. Qe6+ Be7 38. Qc8+ Kf7 39. Qe6+ Kf8 40. Qc8+ Kf7 41. Qe6+ 1/2-1/2

[Event "GER-ch Net blitz qual2"]
[Site "Playchess.com INT"]
[Date "2020.03.16"]
[Round "6"]
[White "Fruth, David"]
[Black "Wiedenbruch, Paul"]
[Result "1-0"]
[WhiteElo "1738"]
[BlackElo "1878"]
[PlyCount "151"]
[EventDate "2020.03.16"]
[EventType "swiss (blitz)"]
[EventRounds "9"]
[EventCountry "GER"]
[SourceTitle "CBM 195 Extra"]
[Source "ChessBase"]
[SourceDate "2020.05.31"]
[SourceVersion "1"]
[SourceVersionDate "2020.05.31"]
[SourceQuality "1"]

1. e4 c5 2. Nf3 d6 3. d4 cxd4 4. Nxd4 Nf6 5. Nc3 Nc6 6. Be3 Ng4 7. Bb5 Nxe3 8. Nxc6 bxc6 9. Bxc6+ Bd7 10. Bxd7+ Qxd7 11. fxe3 g6 12. Qd4 f6 13. Qd5 Rc8 14. 0-0-0 Bh6 15. Qd3 0-0 16. Qd5+ Kh8 17. Qd3 Rb8 18. Qd4 Rb7 19. Nd5 Rfb8 20. Qc3 Rc8 21. Qd3 Qa4 22. Kb1 Rcb8 23. b3 Qd7 24. Qc3 Rc8 25. Qb2 Bg7 26. h4 Rb5 27. h5 Kg8 28. hxg6 hxg6 29. Qc3 Rbc5 30. Qd2 e6 31. Nf4 d5 32. exd5 e5 33. Ne6 Qe7 34. Nxg7 Qxg7 35. d6 Rd8 36. Qb4 Rcc8 37. Qb5 Rd7 38. Qd5+ Kf8 39. Rh2 Rcd8 40. Rdh1 Rxd6 41. Rh8+ Ke7 42. Qb7+ R8d7 43. R8h7 Rxb7 44. Rxg7+ Ke6 45. Rxb7 Rd2 46. Kb2 Rxg2 47. Rhh7 Kf5 48. Rbf7 g5 49. Rh6 g4 50. Rhxf6+ Ke4 51. Rf2 Rxf2 52. Rxf2 Kxe3 53. Rf7 g3 54. Rxa7 g2 55. Rg7 Kf2 56. Kc3 e4 57. Kd2 e3+ 58. Kd3 e2 59. Rxg2+ Kxg2 60. Kxe2 Kg3 61. Ke3 Kg4 62. c4 Kf5 63. Kd4 Ke6 64. b4 Kd7 65. a4 Kc6 66. a5 Kb7 67. b5 Kc7 68. c5 Kb7 69. Kd5 Kc7 70. a6 Kb8 71. b6 Ka8 72. c6 Kb8 73. c7+ Kc8 74. a7 Kb7 75. Kd6 Kc8 76. a8Q# 1-0

[Event "GER-ch Net blitz qual1"]
[Site "Playchess.com INT"]
[Date "2020.03.07"]
[Round "9"]
[White "Traetmar, Mattis"]
[Black "Wiedenbruch, Paul"]
[Result "1-0"]
[WhiteElo "2009"]
[BlackElo "1878"]
[PlyCount "95"]
[EventDate "2020.03.07"]
[EventType "swiss (blitz)"]
[EventRounds "9"]
[EventCountry "GER"]
[SourceTitle "CBM 195 Extra"]
[Source "ChessBase"]
[SourceDate "2020.05.31"]
[SourceVersion "1"]
[SourceVersionDate "2020.05.31"]
[SourceQuality "1"]

1. e4 c5 2. Nf3 d6 3. d4 cxd4 4. Nxd4 Nf6 5. Nc3 Nc6 6. Bg5 Bd7 7. Qd2 Rc8 8. 0-0-0 Nxd4 9. Qxd4 Qa5 10. f4 Rxc3 11. bxc3 Qxa2 12. Bc4 Qa3+ 13. Kd2 Bc6 14. Bxf6 gxf6 15. Ra1 Qc5 16. Rxa7 Kd7 17. Ke3 Bh6 18. Qxc5 dxc5 19. Rd1+ Kc7 20. Bxf7 e5 21. g3 Rf8 22. Bd5 exf4+ 23. gxf4 Re8 24. Bxc6 Kxc6 25. Rd5 Bg7 26. Ra3 b6 27. c4 f5 28. Rxf5 Bd4+ 29. Kf3 Re6 30. e5 Rh6 31. Kg3 Rg6+ 32. Kf3 Rh6 33. Rf6+ Rxf6 34. exf6 Bxf6 35. Kg4 b5 36. Ra6+ Kd7 37. Rxf6 bxc4 38. Rf7+ Ke6 39. Rxh7 Kd5 40. f5 Ke4 41. f6 Ke3 42. f7 Kd2 43. f8Q Kxc2 44. Qxc5 c3 45. Rh3 Kb1 46. Qxc3 Ka2 47. Qc2+ Ka1 48. Ra3# 1-0

[Event "GER-ch Net blitz qual1"]
[Site "Playchess.com INT"]
[Date "2020.03.07"]
[Round "3"]
[White "Wiedenbruch, Paul"]
[Black "Helmer, Jan"]
[Result "0-1"]
[WhiteElo "1878"]
[BlackElo "2010"]
[PlyCount "54"]
[EventDate "2020.03.07"]
[EventType "swiss (blitz)"]
[EventRounds "9"]
[EventCountry "GER"]
[SourceTitle "CBM 195 Extra"]
[Source "ChessBase"]
[SourceDate "2020.05.31"]
[SourceVersion "1"]
[SourceVersionDate "2020.05.31"]
[SourceQuality "1"]

1. e4 c5 2. Nf3 Nc6 3. d4 cxd4 4. Nxd4 e5 5. Nb5 d6 6. N1c3 a6 7. Na3 Be7 8. Nd5 Nf6 9. c4 Nxd5 10. cxd5 Nb8 11. Be2 0-0 12. 0-0 f5 13. f3 f4 14. Bd2 g5 15. Be1 h5 16. Rc1 Bd7 17. Qc2 g4 18. Bf2 Bh4 19. Qc7 Bxf2+ 20. Rxf2 Qh4 21. Qxd6 Rf6 22. Qxe5 g3 23. Rc8+ Bxc8 24. Qe8+ Kg7 25. Qe7+ Kh6 26. hxg3 fxg3 27. Kf1 Qh1# 0-1

[Event "GER-chT U20"]
[Site "Duesseldorf"]
[Date "2017.12.28"]
[Round "4.6"]
[White "Wiedenbruch, Paul"]
[Black "Schaefer, Daniel1111"]
[Result "1-0"]
[WhiteElo "1391"]
[BlackElo "1797"]
[PlyCount "105"]
[EventDate "2017.12.27"]
[EventType "team-swiss"]
[EventRounds "7"]
[EventCountry "GER"]
[SourceTitle "CBM 182 Extra"]
[Source "ChessBase"]
[SourceDate "2018.02.23"]
[SourceVersion "1"]
[SourceVersionDate "2018.02.23"]
[SourceQuality "1"]
[WhiteTeam "Duesseldorf U20"]
[BlackTeam "Heilbronn U20"]
[WhiteTeamCountry "GER"]
[BlackTeamCountry "GER"]

1. e4 e6 2. d4 d5 3. Nc3 dxe4 4. Nxe4 Nd7 5. Nf3 Ngf6 6. Nxf6+ Nxf6 7. Be2 c5 8. 0-0 cxd4 9. Nxd4 Be7 10. Be3 0-0 11. Nb5 a6 12. Qxd8 Bxd8 13. Nd6 Nd5 14. Bc5 Be7 15. c4 Bxd6 16. Bxd6 Rd8 17. Bg3 Nb6 18. Bc7 Rd2 19. Bxb6 Rxe2 20. Rfd1 Kf8 21. Rd8+ Ke7 22. b3 a5 23. c5 Rb2 24. a4 Rxb3 25. Rad1 Ra3 26. h3 Rxa4 27. Rh8 e5 28. Rdd8 Ra1+ 29. Kh2 a4 30. Rxc8 Rxc8 31. Rxc8 a3 32. Rc7+ Ke6 33. Rxb7 a2 34. Ra7 Kd5 35. Ra5 Kc6 36. Kg3 f5 37. Kf3 e4+ 38. Ke2 g5 39. Bd8 g4 40. hxg4 fxg4 41. Bf6 Rc1 42. Rxa2 Kxc5 43. Ra4 Kd5 44. Ke3 Re1+ 45. Kf4 h5 46. g3 e3 47. fxe3 Rf1+ 48. Kg5 Ke6 49. Ra6+ Kd5 50. Ra5+ Ke4 51. Re5+ Kd3 52. Re6 Rf3 53. Kh4 1-0